Machine Learning Based Intrusion Detection System for IoT Networks/ (Record no. 610352)

000 -LEADER
fixed length control field 00550nam a22001697a 4500
003 - CONTROL NUMBER IDENTIFIER
control field NUST
038 ## - RECORD CONTENT LICENSOR
Staff Name Nusrat Nadeem
082 ## - DEWEY DECIMAL CLASSIFICATION NUMBER
Classification number 200
100 ## - MAIN ENTRY--PERSONAL NAME
Personal name Ashraf, Javed
245 ## - TITLE STATEMENT
Title Machine Learning Based Intrusion Detection System for IoT Networks/
Statement of responsibility, etc. Javed Ashraf
264 ## - PRODUCTION, PUBLICATION, DISTRIBUTION, MANUFACTURE, AND COPYRIGHT NOTICE
Place of production, publication, distribution, manufacture Rawalpindi;
Name of producer, publisher, distributor, manufacturer MCS NUST;
Date of production, publication, distribution, manufacture, or copyright notice 2021.
300 ## - PHYSICAL DESCRIPTION
Extent 161,p;
Other physical details ill;
Dimensions 30,cm.
650 ## - SUBJECT ADDED ENTRY--TOPICAL TERM
Topical term or geographic name entry element PhD- Computer Software Engineering
700 ## - ADDED ENTRY--PERSONAL NAME
Personal name Supervisor:Dr. Hasnat Khurshid
856 ## - ELECTRONIC LOCATION AND ACCESS
Uniform Resource Identifier <a href="http://10.250.8.41:8080/xmlui/handle/123456789/28109">http://10.250.8.41:8080/xmlui/handle/123456789/28109</a>
942 ## - ADDED ENTRY ELEMENTS (KOHA)
Source of classification or shelving scheme
Koha item type Soft Copy
Holdings
Withdrawn status Permanent Location Current Location Shelving location Date acquired Full call number Barcode Koha item type
  Central Library (CL) Central Library (CL) Thesis 07/15/2024 200 CLPT-201 Soft Copy
  Central Library (CL) Central Library (CL) Thesis 07/15/2024 200 CLPT-200 Soft Copy
© 2023 Central Library, National University of Sciences and Technology. All Rights Reserved.